Composition of secure multi-party protocols : (Record no. 175327)

000 -LEADER
fixed length control field 00972 a2200229 4500
003 - CONTROL NUMBER IDENTIFIER
control field Nust
005 - DATE AND TIME OF LATEST TRANSACTION
control field 20221020105902.0
010 ## - LIBRARY OF CONGRESS CONTROL NUMBER
LC control number 2003060643
020 ## - INTERNATIONAL STANDARD BOOK NUMBER
International Standard Book Number 354020105X (alk. paper)
040 ## - CATALOGING SOURCE
Transcribing agency Nust
082 00 - DEWEY DECIMAL CLASSIFICATION NUMBER
Classification number 005.82,LIN
100 1# - MAIN ENTRY--PERSONAL NAME
Personal name Lindell, Yehuda.
9 (RLIN) 100940
245 10 - TITLE STATEMENT
Title Composition of secure multi-party protocols :
Remainder of title a comprehensive study /
Statement of responsibility, etc. Yehuda Lindell.
260 ## - PUBLICATION, DISTRIBUTION, ETC.
Place of publication, distribution, etc. Berlin ;
-- New York :
Name of publisher, distributor, etc. Springer,
Date of publication, distribution, etc. 2003.
300 ## - PHYSICAL DESCRIPTION
Extent xvi, 192 p. :
Other physical details ill. ;
Dimensions 24 cm.
440 #0 - SERIES STATEMENT/ADDED ENTRY--TITLE
Title Lecture notes in computer science ;
Volume/sequential designation 2815
9 (RLIN) 26093
505 ## - FORMATTED CONTENTS NOTE
Formatted contents note Introduction (Page-1), The Composition Of Authenticated Byzantine Agreement (Page-21), Secure Computation Without Agreement (Page-45), Universally Compostable Multi-Party Computations (Page-81).
650 #0 - SUBJECT ADDED ENTRY--TOPICAL TERM
Topical term or geographic name entry element Computer security.
9 (RLIN) 570
650 #0 - SUBJECT ADDED ENTRY--TOPICAL TERM
Topical term or geographic name entry element Computers
General subdivision Access control.
9 (RLIN) 6085
856 42 - ELECTRONIC LOCATION AND ACCESS
Materials specified Publisher description
Uniform Resource Identifier <a href="http://www.loc.gov/catdir/enhancements/fy0818/2003060643-d.html">http://www.loc.gov/catdir/enhancements/fy0818/2003060643-d.html</a>
942 ## - ADDED ENTRY ELEMENTS (KOHA)
Koha item type Reference
Source of classification or shelving scheme
Call number prefix 005.82,LIN
Holdings
Withdrawn status Lost status Source of classification or shelving scheme Damaged status Not for loan Permanent Location Current Location Shelving location Date acquired Full call number Barcode Date last seen Price effective from Koha item type Public note
          Military College of Signals (MCS) Military College of Signals (MCS) General Stacks 12/12/2016 005.82,LIN MCS32748 12/08/2016 12/12/2016 Book Almirah No.9, Shelf No.5
© 2023 Central Library, National University of Sciences and Technology. All Rights Reserved.